<?xml version="1.0" encoding="UTF-8"?>
<record
    xmlns:xsi="http://www.w3.org/2001/XMLSchema-instance"
    xsi:schemaLocation="http://www.loc.gov/MARC21/slim http://www.loc.gov/standards/marcxml/schema/MARC21slim.xsd"
    xmlns="http://www.loc.gov/MARC21/slim">

  <leader>01304    a2200289   4500</leader>
  <controlfield tag="005">20080919120427.0</controlfield>
  <controlfield tag="008">080919t        xxu||||| |||| 00| 0 eng d</controlfield>
  <datafield tag="010" ind1=" " ind2=" ">
    <subfield code="a">KAN-7565</subfield>
  </datafield>
  <datafield tag="020" ind1=" " ind2=" ">
    <subfield code="a">9788173029509</subfield>
    <subfield code="c">40.00</subfield>
  </datafield>
  <datafield tag="035" ind1=" " ind2=" ">
    <subfield code="a">KN-5005</subfield>
  </datafield>
  <datafield tag="037" ind1=" " ind2=" ">
    <subfield code="b">D.B.Act / pub</subfield>
  </datafield>
  <datafield tag="082" ind1=" " ind2=" ">
    <subfield code="a">155.9042</subfield>
  </datafield>
  <datafield tag="100" ind1=" " ind2=" ">
    <subfield code="a">&#xCB8;&#xCCB;&#xCAE;&#xCC7;&#xCB6;&#xCCD;&#xCB5;&#xCB0;, &#xCA8;&#xCBE;.</subfield>
  </datafield>
  <datafield tag="245" ind1=" " ind2=" ">
    <subfield code="a">&#xCB9;&#xCC1;&#xCB2;&#xCBF;&#xCAF; &#xCAC;&#xCC6;&#xCA8;&#xCCD;&#xCA8;&#xCC7;&#xCB0;&#xCBF;...</subfield>
    <subfield code="c">by &#xCA8;&#xCBE;. &#xCB8;&#xCCB;&#xCAE;&#xCC7;&#xCB6;&#xCCD;&#xCB5;&#xCB0;</subfield>
    <subfield code="b">&#xC92;&#xCA4;&#xCCD;&#xCA4;&#xCA1; &#xCA8;&#xCBF;&#xCB0;&#xCCD;&#xCB5;&#xCB9;&#xCA3;&#xCC6;&#xCAF; &#xC92;&#xCB3;&#xCA8;&#xCCB;&#xC9F;</subfield>
  </datafield>
  <datafield tag="246" ind1=" " ind2=" ">
    <subfield code="a">Huliya benneri</subfield>
    <subfield code="b">by N.Someshwara</subfield>
  </datafield>
  <datafield tag="250" ind1=" " ind2=" ">
    <subfield code="a">1st ed</subfield>
  </datafield>
  <datafield tag="260" ind1=" " ind2=" ">
    <subfield code="a">&#xCAC;&#xCC6;&#xC82;&#xC97;&#xCB3;&#xCC2;&#xCB0;&#xCC1;</subfield>
    <subfield code="b">&#xCA8;&#xCB5;&#xC95;&#xCB0;&#xCCD;&#xCA8;&#xCBE;&#xC9F;&#xC95; &#xCAA;&#xCAC;&#xCCD;&#xCB2;&#xCBF;&#xC95;&#xCC7;&#xCB7;&#xCA8;&#xCCD;&#xCB8;&#xCCD;</subfield>
    <subfield code="c">2007</subfield>
  </datafield>
  <datafield tag="270" ind1=" " ind2=" ">
    <subfield code="a">Embassy center cresent road</subfield>
    <subfield code="b">Bangalore</subfield>
    <subfield code="c">Karnatak</subfield>
    <subfield code="e">560 001</subfield>
    <subfield code="k">22203580</subfield>
    <subfield code="m">navakarnataka@vsnl.com</subfield>
  </datafield>
  <datafield tag="300" ind1=" " ind2=" ">
    <subfield code="a">136p</subfield>
    <subfield code="c">22cm</subfield>
  </datafield>
  <datafield tag="490" ind1=" " ind2=" ">
    <subfield code="a">&#xCB5;&#xCCD;&#xCAF;&#xC95;&#xCCD;&#xCA4;&#xCBF; &#xCB5;&#xCBF;&#xC95;&#xCB8;&#xCA8; &#xCAE;&#xCBE;&#xCB2;&#xCC6;</subfield>
  </datafield>
  <datafield tag="500" ind1=" " ind2=" ">
    <subfield code="a">Riding the tiger -a book in kananada on stress management</subfield>
  </datafield>
  <datafield tag="650" ind1=" " ind2=" ">
    <subfield code="a">Stress management</subfield>
  </datafield>
  <datafield tag="650" ind1=" " ind2=" ">
    <subfield code="a">personality development</subfield>
  </datafield>
  <datafield tag="650" ind1=" " ind2=" ">
    <subfield code="a">&#xC92;&#xCA4;&#xCCD;&#xCA4;&#xCA1;&#xC97;&#xCB3;&#xCC1;</subfield>
  </datafield>
  <datafield tag="942" ind1=" " ind2=" ">
    <subfield code="k">155.9042 / SOM</subfield>
    <subfield code="a">dpl</subfield>
    <subfield code="c">KN</subfield>
    <subfield code="2">ddc</subfield>
    <subfield code="h">155.9042</subfield>
    <subfield code="m">SOM</subfield>
  </datafield>
  <datafield tag="999" ind1=" " ind2=" ">
    <subfield code="c">239</subfield>
    <subfield code="d">239</subfield>
  </datafield>
  <datafield tag="952" ind1=" " ind2=" ">
    <subfield code="0">0</subfield>
    <subfield code="1">0</subfield>
    <subfield code="2">ddc</subfield>
    <subfield code="4">0</subfield>
    <subfield code="7">1</subfield>
    <subfield code="a">DBAD</subfield>
    <subfield code="b">DBAD</subfield>
    <subfield code="d">2008-09-19</subfield>
    <subfield code="e">DBAD/pub</subfield>
    <subfield code="g">40.00</subfield>
    <subfield code="l">0</subfield>
    <subfield code="o">155.9042 SOM</subfield>
    <subfield code="p">KN-5005</subfield>
    <subfield code="r">2008-09-15 00:00:00</subfield>
    <subfield code="u">247</subfield>
    <subfield code="v">40.00</subfield>
    <subfield code="w">2008-09-15</subfield>
    <subfield code="y">KN</subfield>
  </datafield>
</record>
